Basic water treatment for application world-wide

Na minha lista:
Detalhes bibliográficos
Autor principal: George Smethurst
Formato: Livro
Idioma:Undetermined
Publicado em: London ThomasTelford 1988
Assuntos:
Tags: Adicionar Tag
Sem tags, seja o primeiro a adicionar uma tag!
Thư viện lưu trữ: Trung tâm Học liệu Trường Đại học Cần Thơ
LEADER 00525nam a2200181Ia 4500
001 CTU_21777
008 210402s9999 xx 000 0 und d
082 |a 628.162 
082 |b B637 
100 |a George Smethurst 
245 0 |a Basic water treatment for application world-wide 
245 0 |c George Smethurst 
260 |a London 
260 |b ThomasTelford 
260 |c 1988 
650 |a water - purification,water supply engineering 
904 |i Minh, 980120 
980 |a Trung tâm Học liệu Trường Đại học Cần Thơ